[Event "Auckland Anniversary Weekender 2017"]
[Site "Auckland NZL"]
[Date "2017.01.30"]
[Round "7"]
[White "Hague, Ben"]
[Black "Fan, Allen Chi Zhou"]
[Result "1/2-1/2"]
[WhiteElo "2463"]
[BlackElo "2153"]
[PlyCount "133"]
[EventDate "2017.01.27"]

1. e4 e6 2. d4 d5 3. Nc3 Bb4 4. e5 b6 5. Qg4 Bf8 6. Nf3 Qd7 7. a3 Bb7 8. Bd3
Ne7 9. O-O Nbc6 10. b4 O-O-O 11. Ne2 Nf5 12. c3 h5 13. Qh3 Be7 14. Ng5 Rdf8 15.
a4 a5 16. b5 Nd8 17. Rd1 Nh6 18. Nh7 Rfg8 19. Bxh6 gxh6 20. Qxh5 f5 21. exf6
Bd6 22. Qxh6 Nf7 23. Qh5 Ng5 24. f7 Nxf7 25. Bg6 Nd8 26. Ng3 Qg7 27. Bd3 e5 28.
dxe5 Bxe5 29. Rac1 Kb8 30. Qe2 Ne6 31. Bb1 Nf4 32. Qc2 Qh6 33. Re1 Ng6 34. Rxe5
Nxe5 35. Re1 Nc4 36. Qf5 Nd6 37. Qe6 Qg7 38. Nf6 Re8 39. Nxe8 Rxe8 40. Qxe8+
Nxe8 41. Rxe8+ Ka7 42. Re3 Bc8 43. Bc2 Qf8 44. h4 Qa3 45. Rd3 Qc1+ 46. Bd1 Bg4
47. f3 Be6 48. Kh2 Qf4 49. Rd4 Qe5 50. Bb3 Kb7 51. f4 Qd6 52. f5 Bf7 53. Kh3
Qe5 54. h5 c5 55. bxc6+ Kxc6 56. h6 Bg8 57. Rg4 Bh7 58. Rg7 Bxf5+ 59. Nxf5
Qxf5+ 60. Kh4 Qf2+ 61. Kh5 Qf5+ 62. Rg5 Qf7+ 63. Kh4 Qf4+ 64. Kh5 Qf7+ 65. Kh4
Qf2+ 66. Kh5 Qf7+ 67. Kh4 1/2-1/2

[Event "Auckland Anniversary Weekender 2017"]
[Site "Auckland NZL"]
[Date "2017.01.30"]
[Round "7"]
[White "Garbett, Paul A"]
[Black "Gong, Daniel Hanwen"]
[Result "0-1"]
[WhiteElo "2331"]
[BlackElo "2255"]
[PlyCount "94"]
[EventDate "2017.01.27"]

1. e4 c5 2. Nf3 g6 3. d4 cxd4 4. Qxd4 Nf6 5. e5 Nc6 6. Qa4 Nd5 7. Qb3 Nc7 8.
Bd2 Bg7 9. Bc3 O-O 10. Nbd2 b5 11. a3 Rb8 12. Bd3 a5 13. Be4 b4 14. axb4 axb4
15. Bd4 Nxd4 16. Nxd4 Bxe5 17. N2f3 Bf6 18. Rd1 Bb7 19. Bxb7 Rxb7 20. O-O d6
21. c4 Na6 22. Qe3 Nc5 23. b3 Qd7 24. h3 Ra8 25. Ne1 Bxd4 26. Rxd4 Ra3 27. Nf3
Rxb3 28. Qh6 f6 29. Rfd1 Ra3 30. h4 Qe8 31. Rd5 Rba7 32. h5 Ra1 33. Rxa1 Rxa1+
34. Kh2 Qf8 35. Qe3 e6 36. Rd2 Ra3 37. Qf4 e5 38. Qg4 f5 39. Qh4 Ne4 40. hxg6
hxg6 41. Rb2 Ra4 42. Ne1 Ra7 43. f3 Rh7 44. Qxh7+ Kxh7 45. fxe4 Qh6+ 46. Kg1
Qc1 47. Re2 b3 0-1

[Event "Auckland Anniversary Weekender 2017"]
[Site "Auckland NZL"]
[Date "2017.01.30"]
[Round "7"]
[White "Duneas, John"]
[Black "Picken, Oliver"]
[Result "1-0"]
[WhiteElo "2183"]
[BlackElo "1900"]
[PlyCount "51"]
[EventDate "2017.01.27"]

1. d4 Nf6 2. c4 e5 3. Nf3 e4 4. Nfd2 d5 5. cxd5 Qxd5 6. e3 c5 7. Nc3 Qf5 8.
dxc5 Bxc5 9. Ndxe4 Bb4 10. Nd6+ Bxd6 11. Qxd6 Bd7 12. Bd3 Qa5 13. O-O Bc6 14.
e4 Nbd7 15. Bf4 Rd8 16. Nd5 Bxd5 17. exd5 Nc5 18. Rfe1+ Ne6 19. Rxe6+ fxe6 20.
Qxe6+ Kf8 21. Bd6+ Rxd6 22. Qxd6+ Kf7 23. Qe6+ Kf8 24. Rc1 Ne8 25. d6 Qg5 26.
Rc8 1-0

[Event "Auckland Anniversary Weekender 2017"]
[Site "Auckland NZL"]
[Date "2017.01.30"]
[Round "7"]
[White "Li, Xiang Wei William"]
[Black "Zhang, Jasmine Haomo"]
[Result "1-0"]
[WhiteElo "2120"]
[BlackElo "1837"]
[PlyCount "45"]
[EventDate "2017.01.27"]

1. e4 c5 2. Nf3 d6 3. d4 cxd4 4. Nxd4 Nf6 5. Nc3 a6 6. Bg5 e6 7. f4 Be7 8. Qf3
Qc7 9. O-O-O b5 10. Bxf6 gxf6 11. e5 Bb7 12. Qh5 Qd7 13. f5 Kf8 14. Qh6+ Ke8
15. Qg7 Rf8 16. exf6 Bd8 17. fxe6 fxe6 18. Nxe6 Qxg7 19. fxg7 Rg8 20. Bd3 Bf6
21. Bxh7 Rxg7 22. Nxg7+ Bxg7 23. Be4 1-0

[Event "Auckland Anniversary Weekender 2017"]
[Site "Auckland NZL"]
[Date "2017.01.30"]
[Round "7"]
[White "Lyall, Simon"]
[Black "Krstev, Antonio"]
[Result "0-1"]
[WhiteElo "1797"]
[BlackElo "2060"]
[PlyCount "80"]
[EventDate "2017.01.27"]

1. e4 e6 2. d4 d5 3. e5 c5 4. c3 Nc6 5. Nf3 f6 6. Bd3 cxd4 7. cxd4 Bb4+ 8. Bd2
Qb6 9. a3 Be7 10. Bc3 Bd7 11. O-O Nh6 12. Re1 f5 13. Nbd2 g5 14. Nb3 g4 15.
Nfd2 Nf7 16. f4 gxf3 17. Nxf3 O-O-O 18. Rc1 Kb8 19. Bf1 Ng5 20. Nbd2 Rdg8 21.
Kh1 Ne4 22. Nxe4 dxe4 23. Ng1 Bg5 24. Rc2 Ne7 25. Bb4 Ba4 26. Bd6+ Ka8 27. Rc8+
Nxc8 28. Qxa4 Nxd6 29. exd6 Qxd6 30. Ne2 Rd8 31. Rd1 h5 32. Nc3 h4 33. Nb5 Qb6
34. Qc4 Rh7 35. a4 h3 36. g3 Qc6 37. Qb3 e3+ 38. Kg1 Qf3 39. Qc2 e2 40. Qxe2
Be3+ 0-1

[Event "Auckland Anniversary Weekender 2017"]
[Site "Auckland NZL"]
[Date "2017.01.30"]
[Round "7"]
[White "Peak, Stephen"]
[Black "Gibbons, Robert E"]
[Result "1/2-1/2"]
[WhiteElo "1622"]
[BlackElo "2057"]
[PlyCount "76"]
[EventDate "2017.01.27"]

1. d4 Nf6 2. Nc3 d6 3. Nf3 Bf5 4. h3 h6 5. e3 Nbd7 6. Bd3 Bxd3 7. Qxd3 c5 8. d5
g6 9. e4 Bg7 10. Qb5 O-O 11. O-O Qc7 12. Qe2 a6 13. Nd1 b5 14. Rb1 Rfb8 15. b3
Qa5 16. c3 Qc7 17. Bf4 a5 18. Re1 b4 19. c4 a4 20. e5 Nh5 21. Bh2 dxe5 22. Nxe5
Nxe5 23. g4 f6 24. gxh5 axb3 25. axb3 g5 26. Ne3 Qd7 27. Bxe5 fxe5 28. Ng4 Rf8
29. Nxe5 Bxe5 30. Qxe5 Ra6 31. Qe3 Qf5 32. Ra1 Raf6 33. Re2 g4 34. hxg4 Qxg4+
35. Qg3 Qxg3+ 36. fxg3 Rf3 37. Rxe7 Rxg3+ 38. Kh2 Rxb3 1/2-1/2

[Event "Auckland Anniversary Weekender 2017"]
[Site "Auckland NZL"]
[Date "2017.01.30"]
[Round "7"]
[White "Steadman, Michael V R"]
[Black "Crombie, William R"]
[Result "1-0"]
[WhiteElo "2328"]
[BlackElo "1654"]
[PlyCount "73"]
[EventDate "2017.01.27"]

1. b4 e5 2. Bb2 d6 3. c4 Nf6 4. e3 b6 5. Be2 Bb7 6. Nf3 Be7 7. Nc3 O-O 8. Qc2
Nbd7 9. d4 exd4 10. exd4 Re8 11. O-O Nf8 12. d5 Ng6 13. Nd4 a6 14. a4 Bf8 15.
f4 Qd7 16. h3 c6 17. dxc6 Bxc6 18. Nxc6 Qxc6 19. Qd3 Rac8 20. Ba3 d5 21. Nxd5
Nxd5 22. cxd5 Qf6 23. Bg4 Rc3 24. Qxa6 Qd4+ 25. Kh1 Rc2 26. Rad1 Qe4 27. Bf3
Qxf4 28. Qxb6 Bd6 29. Qg1 Nh4 30. Rd4 Nxf3 31. Rxf3 Qxd4 32. Qxd4 Re1+ 33. Qg1
Rxg1+ 34. Kxg1 Rd2 35. b5 Bxa3 36. Rxa3 Rxd5 37. Rb3 1-0

[Event "Auckland Anniversary Weekender 2017"]
[Site "Auckland NZL"]
[Date "2017.01.30"]
[Round "7"]
[White "Runcan, Daniel-Ioan"]
[Black "Bennett, Hilton P"]
[Result "1/2-1/2"]
[WhiteElo "1994"]
[BlackElo "2055"]
[PlyCount "62"]
[EventDate "2017.01.27"]

1. e4 g6 2. Nf3 Bg7 3. Bc4 d6 4. h3 Nf6 5. Qe2 O-O 6. O-O e5 7. d3 h6 8. Nc3
Nc6 9. Be3 Ne7 10. Qd2 Kh7 11. d4 exd4 12. Bxd4 Nc6 13. Rad1 Nxd4 14. Qxd4 Be6
15. Bxe6 fxe6 16. Qc4 Qe7 17. e5 Nh5 18. exd6 cxd6 19. Ne2 d5 20. Qb3 Rac8 21.
Rfe1 Qc7 22. Ned4 Nf4 23. Nxe6 Nxe6 24. Rxe6 Qxc2 25. Rxd5 Qxb3 26. axb3 Rf7
27. Ne5 Rc1+ 28. Kh2 Bxe5+ 29. Rexe5 Rc2 30. f3 Rxb2 31. Re3 Kg7 1/2-1/2

[Event "Auckland Anniversary Weekender 2017"]
[Site "Auckland NZL"]
[Date "2017.01.30"]
[Round "7"]
[White "Qin, Nicole Shu Yu"]
[Black "Cooper, Nigel"]
[Result "0-1"]
[WhiteElo "1557"]
[BlackElo "1669"]
[PlyCount "52"]
[EventDate "2017.01.27"]

1. d4 g6 2. c4 Bg7 3. Nc3 c5 4. e3 d6 5. Nge2 b6 6. d5 Bg4 7. Qc2 Bxe2 8. Bxe2
f5 9. Bd2 Nf6 10. O-O O-O 11. f3 Nbd7 12. e4 fxe4 13. fxe4 Ne5 14. Bf4 Qd7 15.
Bxe5 dxe5 16. a3 e6 17. Rad1 exd5 18. Nxd5 Nxd5 19. Rxf8+ Rxf8 20. Rxd5 Qf7 21.
Bf3 Qf4 22. Rd1 Bh6 23. Qa4 Qe3+ 24. Kh1 Rxf3 25. gxf3 Qxf3+ 26. Kg1 Be3# 0-1

[Event "Auckland Anniversary Weekender 2017"]
[Site "Auckland NZL"]
[Date "2017.01.30"]
[Round "7"]
[White "Mukkattu, Philip"]
[Black "McDougall, Euan"]
[Result "1-0"]
[WhiteElo "1880"]
[BlackElo "1586"]
[PlyCount "69"]
[EventDate "2017.01.27"]

1. d4 d5 2. c4 c6 3. Nc3 Nf6 4. Nf3 Bg4 5. e3 e6 6. a4 Bb4 7. h3 Bh5 8. g4 Ne4
9. Qb3 Bxc3+ 10. bxc3 Bg6 11. Qxb7 Nd7 12. cxd5 cxd5 13. Bb5 Nxc3 14. Bxd7+
Qxd7 15. Qxa8+ Qd8 16. Qc6+ Qd7 17. Qxc3 O-O 18. Ne5 Qe7 19. Ba3 Qf6 20. Bxf8
h6 21. Nxg6 Qxg6 22. Be7 Qe4 23. Ke2 h5 24. Qd3 Qg2 25. Rag1 Qe4 26. Qxe4 dxe4
27. gxh5 Kh7 28. Rg5 f6 29. Rg6 e5 30. Rhg1 a5 31. h6 Kh8 32. Rxg7 exd4 33.
exd4 e3 34. Rb1 exf2 35. Rb8# 1-0

[Event "Auckland Anniversary Weekender 2017"]
[Site "Auckland NZL"]
[Date "2017.01.30"]
[Round "7"]
[White "Li, Rodney Xiang Rei"]
[Black "Burrows, Grant L"]
[Result "1-0"]
[WhiteElo "1556"]
[BlackElo "1757"]
[PlyCount "35"]
[EventDate "2017.01.27"]

1. e4 e6 2. d4 d5 3. exd5 exd5 4. c4 Nf6 5. Nc3 Be6 6. Qb3 Qc8 7. cxd5 Nxd5 8.
Nxd5 c6 9. Bc4 b5 10. Bxb5 cxb5 11. Qxb5+ Nc6 12. Nf4 Bb4+ 13. Kf1 O-O 14. Nxe6
Qxe6 15. Be3 Rab8 16. Qd3 Rfd8 17. Nf3 Bc5 18. Ng5 1-0

[Event "Auckland Anniversary Weekender 2017"]
[Site "Auckland NZL"]
[Date "2017.01.30"]
[Round "7"]
[White "Qin, Oscar Shu Xuan"]
[Black "Holdo, Karl"]
[Result "0-1"]
[WhiteElo "1254"]
[BlackElo "1741"]
[PlyCount "78"]
[EventDate "2017.01.27"]

1. e4 c5 2. Nf3 d6 3. d4 cxd4 4. Nxd4 Nf6 5. Nc3 a6 6. Be3 e6 7. f3 Qc7 8. Qd2
Be7 9. g4 Nc6 10. g5 Nd7 11. h4 Nce5 12. Qf2 Nc4 13. Bxc4 Qxc4 14. O-O-O b5 15.
Qe2 Qxe2 16. Ncxe2 Bb7 17. h5 Ne5 18. Ng3 Nc4 19. Bd2 Nxd2 20. Kxd2 Bxg5+ 21.
Ke2 Ke7 22. Rhg1 Bf6 23. f4 Rac8 24. c3 Bxd4 25. Rxd4 g6 26. hxg6 hxg6 27. Ke3
Rh3 28. Kf2 Rch8 29. Rg2 R8h4 30. Kf3 e5 31. Rdd2 exf4 32. Rde2 Rxg3+ 33. Rxg3
fxg3 34. Kxg3 Rxe4 35. Rxe4+ Bxe4 36. Kf4 f5 37. b4 Ke6 38. a3 d5 39. Ke3 Ke5
0-1

[Event "Auckland Anniversary Weekender 2017"]
[Site "Auckland NZL"]
[Date "2017.01.30"]
[Round "7"]
[White "Steadman, Mathew"]
[Black "Jacobs, Hilton J"]
[Result "1/2-1/2"]
[WhiteElo "1418"]
[BlackElo "1740"]
[PlyCount "90"]
[EventDate "2017.01.27"]

1. b4 a5 2. b5 b6 3. a4 e5 4. Bb2 d6 5. e3 Nf6 6. c3 g6 7. Qb3 Bg7 8. Nf3 O-O
9. Bc4 h6 10. O-O Nbd7 11. d4 e4 12. Nfd2 Bb7 13. Be2 c6 14. bxc6 Bxc6 15. Bb5
Qc7 16. Na3 Bd5 17. Bc4 Bc6 18. Nb5 Bxb5 19. Bxb5 Rab8 20. Rac1 Rfd8 21. Rc2
Nf8 22. Rfc1 Ne6 23. Ba3 Bf8 24. c4 Qb7 25. d5 Nc5 26. Bxc5 bxc5 27. Qc3 Qc7
28. Qxf6 Bg7 29. Qh4 f5 30. Qg3 Kh7 31. f4 exf3 32. Qxf3 Qe7 33. Nb3 Ra8 34.
Re1 Rf8 35. e4 f4 36. Bc6 Ra7 37. Qh3 Rb8 38. Bb5 Be5 39. Qe6 Qh4 40. Rf1 f3
41. gxf3 h5 42. Rg2 Rg8 43. Bd7 Rg7 44. Qh3 Qf4 45. Be6 Qe3+ 1/2-1/2

[Event "Auckland Anniversary Weekender 2017"]
[Site "Auckland NZL"]
[Date "2017.01.30"]
[Round "7"]
[White "Barry, Jacob"]
[Black "Wang, Aaron Ziwen"]
[Result "1/2-1/2"]
[WhiteElo "1220"]
[BlackElo "1562"]
[PlyCount "58"]
[EventDate "2017.01.27"]

1. e4 c5 2. Nc3 Nc6 3. f4 e6 4. g3 d5 5. exd5 exd5 6. Bg2 Nf6 7. h3 g6 8. Nf3
Bg7 9. O-O Be6 10. Re1 Qd7 11. d3 O-O 12. Ne5 Qc8 13. Kh2 Nd7 14. Bxd5 Ndxe5
15. fxe5 Bxh3 16. Ne4 Nd4 17. Be3 Bg4 18. Nd6 Bxd1 19. Nxc8 Nxc2 20. Ne7+ Kh8
21. Raxd1 Nxe1 22. Rxe1 Bxe5 23. Bxc5 Bxb2 24. Bxb7 Rae8 25. Bc6 Rd8 26. Nd5
Rg8 27. Ne7 Rgf8 28. Nd5 Rg8 29. Ne7 Rgf8 1/2-1/2

[Event "Auckland Anniversary Weekender 2017"]
[Site "Auckland NZL"]
[Date "2017.01.30"]
[Round "7"]
[White "Ha, Huy Minh (Timothy)"]
[Black "Schurr, Richard"]
[Result "1/2-1/2"]
[WhiteElo "1778"]
[BlackElo "1265"]
[PlyCount "91"]
[EventDate "2017.01.27"]

1. e4 e5 2. Nf3 Nc6 3. Bc4 Bc5 4. O-O Nf6 5. d3 O-O 6. c3 d6 7. h3 Bd7 8. Bg5
h6 9. Bh4 g5 10. Nxg5 hxg5 11. Bxg5 Kg7 12. Qf3 Be6 13. b3 Nd4 14. cxd4 Bxd4
15. Nd2 Bxa1 16. Rxa1 Qe7 17. Qg3 Rg8 18. Qh4 Rh8 19. Bxf6+ Qxf6 20. Qxf6+ Kxf6
21. Bxe6 Kxe6 22. Kh2 f5 23. f3 f4 24. Rc1 c6 25. Kg1 d5 26. Kf2 Rad8 27. Rc2
Rhg8 28. b4 dxe4 29. Nxe4 Rg7 30. Re2 Kd5 31. Nf6+ Kd4 32. Ne4 Rdg8 33. Kf1
Kxd3 34. a3 a5 35. Nf2+ Kd4 36. Ng4 axb4 37. axb4 Re7 38. Re4+ Kc3 39. Re1 Kxb4
40. Nxe5 Kb5 41. Rb1+ Ka6 42. Nd3 Rf8 43. Rb4 Ka5 44. Rc4 Kb5 45. Rb4+ Ka5 46.
Rc4 1/2-1/2

[Event "Auckland Anniversary Weekender 2017"]
[Site "Auckland NZL"]
[Date "2017.01.30"]
[Round "7"]
[White "Ning, Isabelle"]
[Black "Qiu, Daniel"]
[Result "0-1"]
[WhiteElo "1139"]
[BlackElo "1372"]
[PlyCount "136"]
[EventDate "2017.01.27"]

1. d4 d5 2. c4 e6 3. Nc3 c5 4. dxc5 Bxc5 5. Bf4 Bd6 6. Bxd6 Qxd6 7. cxd5 Nf6 8.
dxe6 Qxd1+ 9. Rxd1 Bxe6 10. Nf3 O-O 11. e3 Nc6 12. Be2 Nb4 13. O-O Nxa2 14.
Nxa2 Bxa2 15. Rc1 Rfd8 16. Bc4 Bxc4 17. Rxc4 h6 18. h3 b5 19. Rc3 a5 20. Nd4 b4
21. Rb3 Ne4 22. Rd3 Ng5 23. Rc1 Ne6 24. Kf1 Ra6 25. Rcd1 Nc5 26. R3d2 Ne4 27.
Rc2 g6 28. f3 Nf6 29. Ke2 Rad6 30. Ra1 Rd5 31. Nc6 Re8 32. Nxa5 Ra8 33. e4
Rdxa5 34. Rxa5 Rxa5 35. Kd3 Ra8 36. Kc4 Rc8+ 37. Kb3 Rxc2 38. Kxc2 Kf8 39. Kb3
Ke7 40. Kxb4 Kd6 41. Kc4 Nh5 42. g4 Nf4 43. h4 h5 44. gxh5 gxh5 45. b4 Ng6 46.
b5 Nxh4 47. f4 Ng6 48. f5 Ne5+ 49. Kc3 h4 50. Kd2 h3 51. b6 Kc6 52. Ke2 Kxb6
53. Kf2 Kc5 54. Kg3 Kd4 55. Kxh3 Kxe4 56. Kg3 Kxf5 57. Kh4 Ke4 58. Kg5 f5 59.
Kh4 Ke3 60. Kg3 f4+ 61. Kg2 Ke2 62. Kg1 f3 63. Kh1 f2 64. Kg2 f1=Q+ 65. Kg3
Qf3+ 66. Kh2 Ng4+ 67. Kg1 Qf2+ 68. Kh1 Qh2# 0-1

[Event "Auckland Anniversary Weekender 2017"]
[Site "Auckland NZL"]
[Date "2017.01.30"]
[Round "7"]
[White "Wang, Ying"]
[Black "Shinil, Anan"]
[Result "1-0"]
[WhiteElo "1304"]
[BlackElo "1156"]
[PlyCount "33"]
[EventDate "2017.01.27"]

1. Nf3 c5 2. c4 Nc6 3. g3 g6 4. Bg2 Bg7 5. Nc3 e5 6. O-O Nf6 7. d3 d6 8. Ng5
O-O 9. Nge4 Bf5 10. Bg5 h6 11. Nxf6+ Bxf6 12. Bxh6 Re8 13. Be3 Bg5 14. Nd5 Bxe3
15. Nxe3 Qd7 16. Nd5 Rac8 17. Nf6+ 1-0

[Event "Auckland Anniversary Weekender 2017"]
[Site "Auckland NZL"]
[Date "2017.01.30"]
[Round "7"]
[White "Gao, Hugh"]
[Black "Welsh, James"]
[Result "1-0"]
[WhiteElo "1121"]
[BlackElo "1430"]
[PlyCount "115"]
[EventDate "2017.01.27"]

1. e4 e5 2. Nf3 Nc6 3. d4 exd4 4. Nxd4 Bc5 5. Be3 d6 6. Nxc6 bxc6 7. Bxc5 dxc5
8. Qxd8+ Kxd8 9. Nc3 Rb8 10. b3 Be6 11. Na4 Nf6 12. Nxc5 Re8 13. Nxe6+ Rxe6 14.
f3 Rd6 15. Bc4 Ke7 16. Ke2 Rbd8 17. e5 Rd2+ 18. Ke3 Ne8 19. Bd3 Rxg2 20. f4 f6
21. Rad1 Rxd3+ 22. Kxd3 fxe5 23. fxe5 g6 24. Rd2 Rg5 25. Re1 Ng7 26. Kc4 Ne6
27. Red1 Rxe5 28. Rd7+ Kf6 29. Rxh7 Re2 30. Kc3 Re5 31. Rh6 Rc5+ 32. Kb2 Kf5
33. Rg1 g5 34. Re1 Nf4 35. Re7 Nd5 36. Rf7+ Kg4 37. h3+ Kg3 38. Rf5 Rb5 39.
Rxg5+ Kf4 40. h4 Rb8 41. Rxc6 Ne3 42. Rxc7 Rh8 43. Rf7+ Ke4 44. h5 Rc8 45. Rf2
Rh8 46. Rh2 Nf5 47. Rg6 Nh6 48. Rd6 Kf5 49. c4 Ng4 50. Rh1 Kg5 51. Rg6+ Kf5 52.
c5 Rxh5 53. Rxh5+ Kxg6 54. Rh1 Kf6 55. c6 Ke7 56. Rd1 Nf6 57. c7 Kf7 58. c8=Q
1-0

[Event "Auckland Anniversary Weekender 2017"]
[Site "Auckland NZL"]
[Date "2017.01.30"]
[Round "7"]
[White "Xie, Felix"]
[Black "Li, Leo Xiang Yu"]
[Result "0-1"]
[WhiteElo "1036"]
[BlackElo "1337"]
[PlyCount "112"]
[EventDate "2017.01.27"]

1. e4 e5 2. Nf3 Nc6 3. d4 exd4 4. Nxd4 Nf6 5. Nxc6 dxc6 6. Qxd8+ Kxd8 7. e5 Nd5
8. b3 Nb4 9. Na3 Bc5 10. f4 Nd5 11. g3 Bg4 12. Bb2 Bf3 13. Be2 Bxh1 14. O-O-O
Be3+ 15. Kb1 Be4 16. Nc4 Ke7 17. Bd4 Bxd4 18. Rxd4 Rad8 19. Kb2 Bg6 20. Bd3
Bxd3 21. Rxd3 Nb4 22. Re3 b5 23. Na5 Rd2 24. Rc3 Rb8 25. a3 Rb6 26. axb4 Kd7
27. Rd3+ Rxd3 28. cxd3 Ke6 29. Kc3 Kd5 30. h4 h5 31. Kd2 Kd4 32. Kc2 g6 33. Kd2
a6 34. Kc2 Ke3 35. Kc3 Kf3 36. Kd4 Kxg3 37. Kc5 Kxh4 38. Nxc6 Rxc6+ 39. Kxc6
Kg3 40. Kd7 h4 41. Ke7 Kxf4 42. d4 h3 43. Kxf7 h2 44. e6 h1=Q 45. e7 Qh5 46.
Kf8 g5 47. e8=Q Qxe8+ 48. Kxe8 g4 49. Kd7 Ke4 50. Kxc7 Kxd4 51. Kb6 Kc3 52.
Kxa6 Kxb4 53. Kb6 g3 54. Kb7 g2 55. Ka6 g1=Q 56. Kb7 Qc5 0-1